| 000 | 02103cam a2200469 i 4500 | ||
|---|---|---|---|
| 001 | 2720 | ||
| 003 | FISKH | ||
| 005 | 20240111095731.0 | ||
| 008 | 190116s2012 nyuab b 001 0beng | ||
| 010 | _a 2018434162 | ||
| 020 |
_a9780609809648 _q(hbk.) |
||
| 020 |
_a0609809644 _q(hbk.) |
||
| 035 | _a(OCoLC)ocn897820558 | ||
| 040 |
_aWYU _beng _erda _cWYU _dOCLCO _dHMY _dOCLCA _dDLC |
||
| 042 |
_alccopycat _apcc |
||
| 043 | _aa-mp--- | ||
| 050 | 0 | 0 |
_aDS22.G45 _bW43 2012 |
| 082 | _a950.21092 | ||
| 100 | 1 |
_aWeatherford, Jack _d1946- _eauthor. |
|
| 245 | 1 | 0 |
_aGenghis Khan and the making of the modern world / _cJack Weatherford. |
| 264 | 1 |
_aNew York : _bThree Rivers Press, _c2012 |
|
| 264 | 4 | _c2012 | |
| 300 |
_axxxv, 312 pages : _billustrations, maps ; _c26 cm |
||
| 336 |
_atext _btxt _2rdacontent |
||
| 337 |
_aunmediated _bn _2rdamedia |
||
| 338 |
_avolume _bnc _2rdacarrier |
||
| 500 | _aOriginally published: New York : Crown, ©2004. | ||
| 504 | _aIncludes bibliographical references (pages 293-300) and index. | ||
| 520 | _aA re-evaluation of Genghis Khan's rise to power examines the reforms the conqueror instituted throughout his empire and his uniting of East and West, which set the foundation for the nation-states and economic systems of the modern era. | ||
| 600 | 0 | 0 |
_aGenghis Khan, _d1162-1227. |
| 600 | 0 | 7 |
_aGenghis Khan, _d1162-1227. _2fast _0(OCoLC)fst00087611 |
| 650 | 0 |
_aMongols _xKings and rulers _vBiography. |
|
| 650 | 0 |
_aMongols _xHistory. |
|
| 650 | 7 |
_aMongols. _2fast _0(OCoLC)fst01025421 |
|
| 650 | 7 |
_aMongols _xKings and rulers. _2fast _0(OCoLC)fst01025427 |
|
| 655 | 7 |
_aBiography. _2fast _0(OCoLC)fst01423686 |
|
| 655 | 7 |
_aHistory. _2fast _0(OCoLC)fst01411628 |
|
| 775 | 0 | 8 |
_aWeatherford, J. McIver. _tGenghis Khan and the making of the modern world. _b1st ed. _dNew York : Crown, ©2004 _z0609610627 _w(DLC) 2003020659 _w(OCoLC)53045282 |
| 906 |
_a7 _bcbc _ccopycat _d2 _encip _f20 _gy-nonroman |
||
| 942 |
_2ddc _cBK _n0 |
||
| 999 |
_c2720 _d2720 |
||